| 000 | 00469nam a22001937a 4500 | ||
|---|---|---|---|
| 003 | OSt | ||
| 005 | 20250402143859.0 | ||
| 008 | 250402b |||||||| |||| 00| 0 eng d | ||
| 040 | _cMRSPTU | ||
| 041 | _aENG | ||
| 082 |
_a720.92 _bDU-A |
||
| 100 | _aDutta, Apurva Bose | ||
| 245 | _aArchitectural Inheritance and Evolution in India | ||
| 250 | _a1st | ||
| 260 |
_aBarcelona _bAltrim pub. _c2023 |
||
| 300 | _a152 | ||
| 650 | _aArchitecture | ||
| 942 |
_2ddc _cBK _n0 |
||
| 999 |
_c10499 _d10499 |
||